Patterns on textiles and other objects of the Êdê and Mnông in the central highlands of Vietnam / (Record no. 14401)
[ view plain ]
| 000 -LEADER | |
|---|---|
| fixed length control field | 00624nam a2200193Ia 4500 |
| 020 ## - INTERNATIONAL STANDARD BOOK NUMBER | |
| ISBN | 9744800909 |
| 020 ## - INTERNATIONAL STANDARD BOOK NUMBER | |
| ISBN | 9789744800909 |
| 040 ## - CATALOGING SOURCE | |
| Transcribing agency | NNY |
| 082 ## - DEWEY DECIMAL CLASSIFICATION NUMBER | |
| Classification number | 746 WHI 2005 A087 Or. |
| 100 1# - MAIN ENTRY--AUTHOR NAME | |
| Personal name | Son, Chu Thái. |
| 245 10 - TITLE STATEMENT | |
| Title | Patterns on textiles and other objects of the Êdê and Mnông in the central highlands of Vietnam / |
| 260 ## - PUBLICATION, DISTRIBUTION, ETC. (IMPRINT) | |
| Place of publication | Bangkok, Thailand : |
| Name of publisher | White Lotus Press, |
| Year of publication | c2005. |
| 300 ## - PHYSICAL DESCRIPTION | |
| Number of Pages | xix, 163 p. : |
| Other physical details | ill. (some col.), maps ; |
| Dimensions | 30 cm. |
| 490 1# - SERIES STATEMENT | |
| Series statement | Studies in the material cultures of Southeast Asia ; |
| 650 #0 - SUBJECT ADDED ENTRY--TOPICAL TERM | |
| Topical Term | Textile fabrics |
| 650 #0 - SUBJECT ADDED ENTRY--TOPICAL TERM | |
| Topical Term | Textile design |
| 650 #0 - SUBJECT ADDED ENTRY--TOPICAL TERM | |
| Topical Term | Ethnology |
| 942 ## - ADDED ENTRY ELEMENTS (KOHA) | |
| Koha item type | សៀវភៅភាសាបារាំង |
| 952 ## - LOCATION AND ITEM INFORMATION (KOHA) | |
| Withdrawn status [LOCAL, KOHA] | 0 |
| Permanent Location | Date acquired | Koha item type | Lost status | Shelving location | Barcode | Current Location | Full call number |
|---|---|---|---|---|---|---|---|
| Library Block A | 2017-10-16 | សៀវភៅភាសាបារាំង | A111 | A17971 | Library Block A | 746 WHI 2005 A111 Or. |